=LDR 00000nam 2200000 4500 =001 INLIS000000000024963 =005 20130612123517 =008 ***********************************Ind** =035 ##$$0010-061300000024963 =041 ##$$a Ind =082 ##$$a 370.11 =090 ##$$a 370.11, Row p =100 ##$$a Rowley, C.D =245 ##$$a Politik perencanaan di negara berkembang, C.D Rowley =260 ##$$a 1988 $b Jakarta =300 ##$$a x, 60 hlm, 21 cm =650 ##$$a Pendidikan =850 ##$$a NBPNMAT